UBT Library

College Physics Puting It All Together (Record no. 51008)

000 -LEADER
fixed length control field 00310nam a22001337a 4500
008 - FIXED-LENGTH DATA ELEMENTS--GENERAL INFORMATION
fixed length control field 181029b xxu||||| |||| 00| 0 eng d
020 ## - INTERNATIONAL STANDARD BOOK NUMBER
International Standard Book Number 9785090089609
041 ## - LANGUAGE CODE
Language code of text/sound track or separate title eng
080 ## - UNIVERSAL DECIMAL CLASSIFICATION NUMBER
Universal Decimal Classification number 531
100 ## - Rafti
Rafti 531
101 ## - Shkurtesa
Shkurtesa FIZ
245 ## - TITLE STATEMENT
Title College Physics Puting It All Together
Statement of responsibility, etc Ron.H
942 ## - ADDED ENTRY ELEMENTS (KOHA)
Source of classification or shelving scheme
Item type Books
Holdings
Withdrawn status Lost status Source of classification or shelving scheme Damaged status Not for loan Collection code Permanent location Current location Shelving location Date acquired Total Checkouts Full call number Barcode Date last seen Price effective from Koha item type
          Koleksioni i përgjithshem UBT - Lipjan UBT - Lipjan Koleksioni i përgjithshem 10/29/2018   531 RON 002-3016184 10/29/2018 10/29/2018 Books
          Koleksioni i përgjithshem UBT - Lipjan UBT - Lipjan Koleksioni i përgjithshem 10/29/2018   531 RON 002-3016183 10/29/2018 10/29/2018 Books
          Koleksioni i përgjithshem UBT - Lipjan UBT - Lipjan Koleksioni i përgjithshem 10/29/2018   531 RON 002-3016179 10/29/2018 10/29/2018 Books
UBT Library © 2015-2024. All rights reserved University Education for Business and Technology